01118cam a2200289 a 4500020001800000020001500018040000800033041000800041082002600049100002500075245008000100246006300180250002000243260005000263300003600313490008300349500008500432500009200517500002000609650002700629650002500656650002600681650002100707650002200728710003800750710004000788 a9784924971318 a4924971316 cLWU1 hjpn a745 INT 2011 A088 Or.1 aIshikawa, Kyūyō,10aTaction :bthe drama of the chisel, stylus, brush in oriental calligraphy /15aTaction :bthe drama of the stylus in oriental calligraphy a1st English ed. aTokyo :bInternational House of Japan,c2011. axviii, 297 p. :bill. ;c24 cm.1 aLTCB international library selection =aChōgin kokusai raiburarī sōsho ; aAt head of title: LTCB International Library Trust/International House of Japan. aTranslation of: Sho : hisshoku no uchū o yomitoku (Tokyo : Chuo Koron Shinsha, 2005). aIncludes index. 0aInscriptions, Chinese. 0aCalligraphy, Chinese 0aCalligraphy, Japanese 0aChinese language 0aJapanese language2 aLTCB International Library Trust.2 aKokusai Bunka Kaikan (Tokyo, Japan)